5-Star Actresses III Quiz Stats

 Plays Quiz Updated Dec 5, 2014

Score 0/60 Timer 08:00
7 Plays Today
% Correct
Aliens
92.9%
Bridget Jones's Diary
92.2%
The Sound of Music
90.2%
Mary Poppins
88.6%
The Twilight Saga: New Moon
87.9%
Pirates of the Caribbean: Dead Man's Chest
82.3%
Along Came Polly
82.2%
Marley & Me
79.2%
Chicago
78.5%
Shakespeare in Love
78.1%
Jerry Maguire
78%
The Break-Up
75.3%
Ghostbusters
75.1%
The Princess Diaries
74.6%
Pride & Prejudice
72.6%
Snow White and the Huntsman
72.5%
Easy A
72.4%
Iron Man
72%
Gorillas in the Mist
70.3%
The Amazing Spider-Man
69.3%
Avatar
69.2%
Cold Mountain
68.6%
Brokeback Mountain
65.6%
The Dark Knight
65.4%
Elizabeth
64.8%
Se7en
64.4%
Atonement
64.2%
Office Space
64.2%
Julie & Julia
63.7%
The Help
62.5%
% Correct
The Curious Case of Benjamin Button
61.2%
My Week with Marilyn
61.2%
LOTR: The Two Towers
58.2%
The Royal Tenenbaums
58.2%
The Aviator
57.5%
Adventureland
57.1%
The Fighter
55.6%
Donnie Darko
54.7%
Zombieland
54.2%
The Good Girl
53.7%
Man of Steel
53.5%
Working Girl
52.7%
Blue Valentine
52.2%
The Runaways
50.6%
The Muppets
50.2%
Secretary
49.7%
Thoroughly Modern Millie
49.3%
Country Strong
46.3%
Babel
46.3%
Miss Potter
43.2%
Gangster Squad
40%
Sunshine Cleaning
38.5%
Crazy Heart
38.5%
Shrek 2
37.1%
Shutter Island
35.5%
A Dangerous Method
32.5%
Into the Wild
32.3%
Never Let Me Go
28.7%
Sherrybaby
28.3%
Take This Waltz
20.4%

You're not logged in!

Compare scores with friends on all Sporcle quizzes.
OR
Log In

Show Comments

Extras

Top Quizzes Today


Score Distribution

Your Account Isn't Verified!

In order to create a playlist on Sporcle, you need to verify the email address you used during registration. Go to your Sporcle Settings to finish the process.

Report this User

Report this user for behavior that violates our Community Guidelines.

Details: